Österreich nach Buchstabe - C - Statistiken

Allgemein
  • Dieses Quiz wurde 54 mal gespielt
  • Das Durchschnittsergebnis liegt bei 9 aus 20
Antwortstatistiken
Hinweis Antwort % Korrekt
Stadt in Argentinien, wo Österreich 1978 die deutsche Nationalelf mit 3:2 besiegte (Wunder von _______) Córdoba
73%
Antike römische Zivilstadt, heute Ausgrabungsstätte und Museum (in NÖ) Carnuntum
65%
Größte Kinokette Österreichs Cineplexx
65%
Velden und Baden sind hierfür bekannt Casino
62%
Zweitgrößter Importhandelspartner China
62%
Stadtteil von Steyr, wo Kinder zu Weihnachten ihre Briefe hinschicken können Christkindl
59%
Spezialeinheit der Polizei Cobra
59%
Hersteller von Schokobananen Casali
54%
Umgangssprachlicher Produktname für Orangensaft Cappy
51%
Nummer 1-Hit von Tauchen-Prokopetz (DÖF) über einen Außerirdischen Codo
49%
Austropop-Sänger ("Du entschuldige i kenn di") Cornelius
43%
Wöchentliche Politik-Talkshow von 1976-1995, bei der Nina Hagen einen berüchtigten Auftritt hatte Club 2
35%
Berühmtes Kaffeehaus, das u.a. von Leo Trotzki besucht wurde Central
32%
Gebirgsgruppe zwischen Salzburg, Tirol und Bayern mit den Gipfeln Sonntagshorn und Steinplatte Chiemgauer Alpen
30%
Ausdruck für den "österreichischen Teil" der Doppelmonarchie Cisleithanien
27%
Umgangssprachlich für den Reisenberg in Wien ("Am _______") Cobenzl
27%
Nobel-Stadtviertel von Wien in Währing und Döbling Cottageviertel
24%
Älteste Journalistenvereinigung der Welt, nach der ein Platz in Wien benannt wurde Concordia
22%
Schauspieler und Wienerlied-Interpret (1913–1986) Conrads
22%
Ehepaar, das 1947 den Medizin-Nobelpreis verliehen bekam Cori
14%
Keine übereinstimmenden Quizze gefunden
Verteilung der Resultate
Anzahl Personen mit jedem Resultat
Perzentil nach korrekt beantworteten Fragen
Ihre Resultats-Entwicklung
Sie haben dieses Quiz noch nicht gespielt